Normal view
MARC view
- الاردن-تاريخ-عمان -قرن 20
Entry Topical Term
001 - CONTROL NUMBER
- control field: 47670
003 - CONTROL NUMBER IDENTIFIER
- control field: JO-AjAnu
005 - DATE AND TIME OF LATEST TRANSACTION
- control field: 20230606081852.0
008 - FIXED-LENGTH DATA ELEMENTS
- fixed length control field: 230606|| aca||aabn | a|a d
040 ## - CATALOGING SOURCE
- Original cataloging agency: JO-AjAnu
- Transcribing agency: JO-AjAnu
150 ## - HEADING--TOPICAL TERM
- Topical term or geographic name entry element: الاردن-تاريخ-عمان -قرن 20
670 ## - SOURCE DATA FOUND
- Source citation: Work cat.: (JO-AjAnu)24393: تاليف قاران، صلاح يوسف, author 47669, عمان في مطلع القرن العشرين: السجل الشرعي الأول لناحية عمان 1319-1326هجري/1902-1908م: دراسة وتحقيق